| 000 | 00997nam a2200289 4500 | ||
|---|---|---|---|
| 001 | 0000015332 | ||
| 003 | CO-CtgCURN | ||
| 005 | 20250429224128.0 | ||
| 007 | ta | ||
| 008 | 160627s2001 000 0 eng d | ||
| 020 | _a9789682462450 | ||
| 040 |
_aCO-CtgCURN _bspa _ccoctgcurn |
||
| 082 | 0 |
_a370.114 _bL770 |
|
| 100 | 1 | _aLLanes Tovar, Rafael. | |
| 245 | 1 | 0 |
_aComo enseñar y trasmitir los valores : _bguia para padres y maestros / _cRafael LLanes Tovar. |
| 260 |
_aMexico : _bTrillas, _c2001. |
||
| 300 | _a197 p. | ||
| 336 | _2rdacontent | ||
| 337 |
_2rdamedia _asin mediacion _bn |
||
| 338 |
_2rdacarrier _avolumen _bnc |
||
| 504 | _aIncluye indice y bibliografia (p. 181-182) | ||
| 505 | 8 | _aQue influye en nuestros valores.-- Sugerencias practicas.-- Las columnas de la construcción.-- La filosofia del valor | |
| 650 | 1 | 4 | _aEducación moral. |
| 908 | _a160627 | ||
| 942 |
_cBK _h370.114 _iL770 _2ddc |
||
| 999 |
_c39959 _d39959 |
||